Determinants of redistributive politics: An empirical analysis of land reforms in West Bengal, India (Record no. 89485)

000 -LEADER
fixed length control field 01110pab a2200193 454500
008 - FIXED-LENGTH DATA ELEMENTS--GENERAL INFORMATION
fixed length control field 180718b2010 xxu||||| |||| 00| 0 eng d
100 ## - MAIN ENTRY--PERSONAL NAME
Personal name Bardhan, Pranab
245 ## - TITLE STATEMENT
Title Determinants of redistributive politics: An empirical analysis of land reforms in West Bengal, India
260 ## - PUBLICATION, DISTRIBUTION, ETC.
Date of publication, distribution, etc. 2010
300 ## - PHYSICAL DESCRIPTION
Extent p.1572-1600.
362 ## - DATES OF PUBLICATION AND/OR SEQUENTIAL DESIGNATION
Dates of publication and/or sequential designation Sep
520 ## - SUMMARY, ETC.
Summary, etc. We investigate political determinants of land reform implementation in the Indian state of West Bengal. Using a village panel spanning 1974-1998, we do not find evidence supporting the hypothesis that land reforms were positively and monotonically related to control of local governments by a Left Front coalition vis-a-vis the right-centrist Congress party, combined with lack of commitment to policy platforms. Instead, the evidence is consistent with a quasi-Downsian theory stressing the role of opportunism (reelection concerns) and electoral competition. - Reproduced.
650 ## - SUBJECT ADDED ENTRY--TOPICAL TERM
Topical term or geographic name entry element Land reform - India - West Bengal
650 ## - SUBJECT ADDED ENTRY--TOPICAL TERM
Topical term or geographic name entry element Land reform
700 ## - ADDED ENTRY--PERSONAL NAME
Personal name Mookherjee, Dilip
773 ## - HOST ITEM ENTRY
Main entry heading American Economic Review
908 ## - PUT COMMAND PARAMETER (RLIN)
Put command parameter N
909 ## -
-- 89485
Holdings
Withdrawn status Lost status Damaged status Not for loan Permanent Location Current Location Date acquired Serial Enumeration / chronology Barcode Date last seen Price effective from Koha item type
        Indian Institute of Public Administration Indian Institute of Public Administration 2018-07-19 Volume no: 100, Issue no: 4 AR89945 2018-07-19 2018-07-19 Articles

Powered by Koha